[Event "Berlin-ch Seniors op 27th"]
[Site "Berlin"]
[Date "2011.02.05"]
[Round "8"]
[White "Ahlberg, Guenter"]
[Black "Schoenfeld, Gerd"]
[Result "1/2-1/2"]
[WhiteElo "1865"]
[BlackElo "2007"]
[PlyCount "99"]
[EventDate "2011.01.29"]
[EventType "swiss"]
[EventRounds "9"]
[EventCountry "GER"]
[SourceTitle "EXT 2012"]
[Source "ChessBase"]
[SourceDate "2011.11.24"]
[SourceVersion "1"]
[SourceVersionDate "2011.11.24"]
[SourceQuality "1"]

1. e4 c5 2. Nf3 Nc6 3. Bb5 a6 4. Bxc6 dxc6 5. d3 Qc7 6. Bg5 f6 7. Be3 e5 8. a4 a5 9. Nbd2 g5 10. Nf1 b6 11. N3d2 h5 12. h3 Be6 13. b3 Ne7 14. Nc4 Ng6 15. g3 Rb8 16. Qd2 Be7 17. Qe2 h4 18. g4 Ra8 19. Bd2 Bd8 20. Qf3 Qd7 21. Nfe3 Qd4 22. 0-0 Nf4 23. Nf5 Bxf5 24. exf5 Qd5 25. Qxd5 cxd5 26. Bxf4 dxc4 27. Be3 cxd3 28. cxd3 Rh7 29. Rad1 Rd7 30. Rd2 Be7 31. Rfd1 Rad8 32. Kf1 Rd5 33. Ke2 Kd7 34. f3 Kc6 35. Rc1 Kb7 36. Ra1 Ka6 37. Rc1 R8d7 38. Ra1 b5 39. axb5+ Kxb5 40. Ra4 Rb7 41. Rda2 Bd8 42. Rc2 Bb6 43. Rac4 Ba7 44. Bf2 Rbd7 45. R2c3 Re7 46. Be3 Rd4 47. Rc2 Rxc4 48. Rxc4 Rb7 49. Kd2 Kc6 50. Kc2 1/2-1/2

[Event "Berlin-ch Seniors op 27th"]
[Site "Berlin"]
[Date "2011.01.30"]
[Round "2"]
[White "Durth, Konrad"]
[Black "Schoenfeld, Gerd"]
[Result "1-0"]
[WhiteElo "1770"]
[BlackElo "2007"]
[PlyCount "95"]
[EventDate "2011.01.29"]
[EventType "swiss"]
[EventRounds "9"]
[EventCountry "GER"]
[SourceTitle "EXT 2012"]
[Source "ChessBase"]
[SourceDate "2011.11.24"]
[SourceVersion "1"]
[SourceVersionDate "2011.11.24"]
[SourceQuality "1"]

1. e4 c5 2. c3 d6 3. d4 Nc6 4. Bb5 a6 5. Bxc6+ bxc6 6. dxc5 e5 7. cxd6 Bxd6 8. Be3 Rb8 9. Qc2 Ne7 10. Nd2 Be6 11. Ngf3 f6 12. Nb3 0-0 13. Nc5 Bf7 14. 0-0 Qc8 15. Rfd1 Rd8 16. Rd2 Bc7 17. Rxd8+ Bxd8 18. Rd1 Ng6 19. b3 Nf8 20. Qd3 a5 21. Nh4 g6 22. Bh6 f5 23. Nf3 fxe4 24. Qxe4 Ne6 25. Nxe6 Qxe6 26. Qxe5 Qxe5 27. Nxe5 Bd5 28. c4 Be4 29. Re1 Bf5 30. Nxc6 Rc8 31. Re8+ Kf7 32. Rf8+ Ke6 33. Nd4+ Ke7 34. Nxf5+ gxf5 35. Rxf5 a4 36. Rb5 axb3 37. axb3 Ra8 38. g3 Kf7 39. Be3 Kg6 40. Kg2 h5 41. h4 Rc8 42. Rd5 Be7 43. c5 Rb8 44. Rd3 Kf5 45. Bf4 Rb5 46. Bd6 Bd8 47. c6 Kg4 48. Rf3 1-0

[Event "Berlin-ch Seniors op 25th"]
[Site "Berlin"]
[Date "2009.02.20"]
[Round "9.4"]
[White "Nietsch, Horst"]
[Black "Schoenfeld, Gerd"]
[Result "1-0"]
[WhiteElo "2013"]
[BlackElo "2163"]
[PlyCount "77"]
[EventDate "2009.02.12"]
[EventType "swiss"]
[EventRounds "9"]
[EventCountry "GER"]
[SourceTitle "EXT 2022"]
[Source "ChessBase"]
[SourceDate "2021.10.06"]
[SourceVersion "1"]
[SourceVersionDate "2021.10.06"]
[SourceQuality "1"]

1. g3 Nf6 2. Nf3 g6 3. c4 Bg7 4. Bg2 0-0 5. Nc3 d6 6. 0-0 a6 7. d3 c6 8. a4 a5 9. Rb1 Na6 10. e4 e5 11. b3 Nc5 12. Be3 Re8 13. h3 h6 14. Qe2 Bd7 15. Kh2 Ne6 16. b4 axb4 17. Rxb4 Qa5 18. Qb2 Nd4 19. Bd2 Bc8 20. Nxd4 exd4 21. Ne2 Qh5 22. Nf4 Qc5 23. Ne2 Nd7 24. f4 f5 25. Qa2 Nf6 26. Qc2 fxe4 27. dxe4 Qh5 28. Qd3 Ra5 29. f5 Bxf5 30. Nf4 Ng4+ 31. Kg1 Qg5 32. hxg4 Bxg4 33. Rxb7 Qd8 34. Bxa5 Qxa5 35. Rxg7+ Kxg7 36. Qxd4+ Qe5 37. Qxe5+ dxe5 38. Nh3 Be2 39. Rb1 1-0

[Event "Berlin-ch Seniors op 25th"]
[Site "Berlin"]
[Date "2009.02.19"]
[Round "8.2"]
[White "Schoenfeld, Gerd"]
[Black "Wolf, Manfred"]
[Result "0-1"]
[WhiteElo "2163"]
[BlackElo "1945"]
[PlyCount "106"]
[EventDate "2009.02.12"]
[EventType "swiss"]
[EventRounds "9"]
[EventCountry "GER"]
[SourceTitle "EXT 2022"]
[Source "ChessBase"]
[SourceDate "2021.10.06"]
[SourceVersion "1"]
[SourceVersionDate "2021.10.06"]
[SourceQuality "1"]

1. d4 d6 2. c4 e5 3. Nf3 e4 4. Ng5 f5 5. Qb3 Be7 6. Nh3 c6 7. Nc3 Na6 8. Be3 Nf6 9. f3 0-0 10. Nf2 Nc7 11. fxe4 fxe4 12. Ncxe4 Bf5 13. Nxf6+ Bxf6 14. g4 Be6 15. Bg2 d5 16. Qxb7 Rb8 17. Qxc6 Rb6 18. Qa4 Rxb2 19. Nd3 Bh4+ 20. Kd1 Rb6 21. c5 Bd7 22. Qc2 Ra6 23. a4 Qe8 24. Ne5 Bxa4 25. Rxa4 Qxa4 26. Nf3 Re8 27. Nxh4 Rxe3 28. Qxa4 Rxa4 29. Nf5 Re6 30. Rf1 Ra1+ 31. Kd2 Rxf1 32. Bxf1 g6 33. Ne3 Ra6 34. Bg2 Ra4 35. Nc2 Kf7 36. g5 Ke7 37. e3 a5 38. Bf1 Ne6 39. h4 Ng7 40. Kc3 Ra2 41. e4 dxe4 42. d5 Nf5 43. d6+ Nxd6 44. cxd6+ Kxd6 45. Kb3 Rxc2 46. Kxc2 Ke5 47. Be2 Kf4 48. Bb5 e3 49. Be2 Kg3 50. h5 Kf2 51. hxg6 hxg6 52. Kd1 a4 53. Bc4 a3 0-1

[Event "Berlin-ch Seniors op 25th"]
[Site "Berlin"]
[Date "2009.02.18"]
[Round "7.1"]
[White "Reichenbach, Werner"]
[Black "Schoenfeld, Gerd"]
[Result "0-1"]
[WhiteElo "2288"]
[BlackElo "2163"]
[PlyCount "126"]
[EventDate "2009.02.12"]
[EventType "swiss"]
[EventRounds "9"]
[EventCountry "GER"]
[SourceTitle "EXT 2022"]
[Source "ChessBase"]
[SourceDate "2021.10.06"]
[SourceVersion "1"]
[SourceVersionDate "2021.10.06"]
[SourceQuality "1"]

1. c4 Nf6 2. Nc3 g6 3. g3 Bg7 4. Bg2 0-0 5. Nf3 d6 6. 0-0 Nc6 7. d3 e5 8. Rb1 a5 9. a3 d5 10. cxd5 Nxd5 11. Nxe5 Nxc3 12. Nxc6 Nxe2+ 13. Qxe2 bxc6 14. Be3 Ba6 15. Rfd1 Bb5 16. Qc2 Rb8 17. a4 Ba6 18. b3 Bd4 19. Bxc6 Rb6 20. Rbc1 Bxe3 21. fxe3 Qd6 22. Be4 Bb7 23. Bxb7 Rxb7 24. Qc4 Rfb8 25. Rc3 Re8 26. d4 Re6 27. Qc5 Qa6 28. Rdd3 c6 29. Kf2 Rbe7 30. Ke1 Re8 31. Kd2 Qa8 32. Rc2 Qd8 33. Kc3 Qf6 34. Re2 Qf1 35. Kd2 Rf6 36. Qc1 Qh3 37. Kc3 Rf1 38. Rd1 Qg4 39. Kd2 Rf3 40. Qc3 Qe6 41. Rc1 Rb8 42. Kc2 Rb4 43. Qd3 Qg4 44. Kb2 Qe6 45. Rc4 Rb6 46. Rc3 h5 47. Qc4 Qh3 48. Qc5 Qf1 49. Rec2 Qa6 50. Qe7 Rf1 51. d5 cxd5 52. Rc8+ Kh7 53. Qf8 Rxb3+ 54. Ka2 Qf6 55. Qg8+ Kh6 56. Qf8+ Kg5 57. Kxb3 Qb6+ 58. Ka2 Qb1+ 59. Ka3 Qa1+ 60. Ra2 Qe1 61. Qd6 Qxe3+ 62. Kb2 Rf2+ 63. Rc2 Qd4+ 0-1

[Event "Berlin-ch Seniors op 25th"]
[Site "Berlin"]
[Date "2009.02.15"]
[Round "4.11"]
[White "Schoenfeld, Gerd"]
[Black "Krusemark, Gerhard"]
[Result "1-0"]
[WhiteElo "2163"]
[BlackElo "1897"]
[PlyCount "105"]
[EventDate "2009.02.12"]
[EventType "swiss"]
[EventRounds "9"]
[EventCountry "GER"]
[SourceTitle "EXT 2022"]
[Source "ChessBase"]
[SourceDate "2021.10.06"]
[SourceVersion "1"]
[SourceVersionDate "2021.10.06"]
[SourceQuality "1"]

1. d4 d5 2. c4 c6 3. cxd5 cxd5 4. Bf4 Nf6 5. Bxb8 Rxb8 6. Qa4+ Bd7 7. Qxa7 Bc6 8. Qa3 e5 9. Qd3 Bb4+ 10. Nc3 e4 11. Qd2 0-0 12. e3 Ng4 13. Be2 Qh4 14. g3 Qg5 15. h4 Qf5 16. Nh3 h6 17. Qd1 h5 18. Nf4 Bd7 19. Qb3 Bxc3+ 20. bxc3 Be6 21. a4 Rfc8 22. Rc1 Rc7 23. a5 Rbc8 24. Qb4 f6 25. 0-0 Bf7 26. a6 bxa6 27. Bxa6 Ra8 28. Qb6 Qd7 29. Bb5 Qc8 30. Qd6 Qb7 31. Rb1 Rxc3 32. Be8 Qc7 33. Bxf7+ Qxf7 34. Nxd5 Rc2 35. Rb8+ Rxb8 36. Qxb8+ Kh7 37. Qb1 Rxf2 38. Qxe4+ f5 39. Rxf2 Nxf2 40. Qf3 Ne4 41. Nf4 g6 42. Kg2 Qa2+ 43. Qe2 Qa8 44. Kh2 Nf6 45. d5 Nxd5 46. Qg2 Nc7 47. Qd2 Qc6 48. Qd8 Ne8 49. Qe7+ Ng7 50. Qf7 Qe8 51. Qf6 Kh6 52. Nd5 Qe6 53. Qg5+ 1-0

[Event "Berlin-ch Seniors op 25th"]
[Site "Berlin"]
[Date "2009.02.13"]
[Round "2.7"]
[White "Schoenfeld, Gerd"]
[Black "Rehder, Frank"]
[Result "1-0"]
[WhiteElo "2163"]
[BlackElo "1873"]
[PlyCount "77"]
[EventDate "2009.02.12"]
[EventType "swiss"]
[EventRounds "9"]
[EventCountry "GER"]
[SourceTitle "EXT 2022"]
[Source "ChessBase"]
[SourceDate "2021.10.06"]
[SourceVersion "1"]
[SourceVersionDate "2021.10.06"]
[SourceQuality "1"]

1. d4 d5 2. c4 e6 3. Nc3 Nf6 4. cxd5 exd5 5. Bg5 Be7 6. Qc2 0-0 7. e3 Bg4 8. h3 Bh5 9. Bxf6 Bxf6 10. Qf5 Bg6 11. Qxd5 Qc8 12. Nf3 Rd8 13. Qc4 Nc6 14. Be2 Qd7 15. 0-0 a6 16. Rac1 Na5 17. Qa4 Nc6 18. a3 b5 19. Qd1 Ne7 20. b4 c6 21. Nd2 Bg5 22. Nde4 Bh6 23. Nc5 Qe8 24. Bd3 Nf5 25. Bxf5 Bxf5 26. Qf3 Bg6 27. Nb7 Rd7 28. Na5 Rc8 29. Nxc6 Rd6 30. Ne5 Rf6 31. Qb7 Re6 32. Nd5 Rb8 33. Qc7 Be4 34. Nd7 Rd8 35. N5b6 Re7 36. Rc5 Rdxd7 37. Nxd7 Rxd7 38. Re5 f5 39. Rxe8+ 1-0

[Event "Berlin-ch Seniors op 24th"]
[Site "Berlin"]
[Date "2008.02.26"]
[Round "6"]
[White "Schick, Albert"]
[Black "Schoenfeld, Gerd"]
[Result "0-1"]
[WhiteElo "1786"]
[BlackElo "2050"]
[PlyCount "54"]
[EventDate "2008.02.21"]
[EventType "swiss"]
[EventRounds "9"]
[EventCountry "GER"]
[SourceTitle "EXT 2022"]
[Source "ChessBase"]
[SourceDate "2021.10.06"]
[SourceVersion "1"]
[SourceVersionDate "2021.10.06"]
[SourceQuality "1"]

1. e4 c5 2. Nf3 Nc6 3. Bc4 Na5 4. Be2 a6 5. d4 cxd4 6. Nxd4 Nc6 7. c3 e5 8. Nb3 Be7 9. Be3 Nf6 10. Bf3 h6 11. g4 d6 12. g5 hxg5 13. Bxg5 Be6 14. Na3 Qc7 15. Qd2 0-0-0 16. 0-0-0 Kb8 17. Qe2 Bxb3 18. axb3 Nd4 19. Qe3 Rh3 20. Rxd4 exd4 21. Qd3 dxc3 22. bxc3 d5 23. Bxf6 Bxa3+ 24. Kc2 gxf6 25. Re1 Qf4 26. Re3 Rxf3 27. Rxf3 Qc1# 0-1

[Event "Berlin-ch Seniors op 24th"]
[Site "Berlin"]
[Date "2008.02.21"]
[Round "1"]
[White "Schoenfeld, Gerd"]
[Black "Durth, Konrad"]
[Result "1-0"]
[WhiteElo "2050"]
[BlackElo "1799"]
[PlyCount "51"]
[EventDate "2008.02.21"]
[EventType "swiss"]
[EventRounds "9"]
[EventCountry "GER"]
[SourceTitle "EXT 2022"]
[Source "ChessBase"]
[SourceDate "2021.10.06"]
[SourceVersion "1"]
[SourceVersionDate "2021.10.06"]
[SourceQuality "1"]

1. d4 Nf6 2. c4 c5 3. d5 b5 4. Nd2 bxc4 5. e4 Qa5 6. b4 Qxb4 7. Rb1 Qa5 8. Bxc4 d6 9. Qc2 g6 10. Ngf3 Bg7 11. 0-0 0-0 12. h3 Ba6 13. e5 Nfd7 14. exd6 exd6 15. Ne4 Bxc4 16. Qxc4 Nb6 17. Qc2 Nc8 18. Bf4 Rd8 19. Bg5 Re8 20. Bf6 Nd7 21. Bxg7 Kxg7 22. Rb7 Ne5 23. Nxe5 Rxe5 24. Qb2 Kh6 25. Rxf7 Qb4 26. Qc1+ 1-0

[Event "Berlin op 04"]
[Site "Berlin"]
[Date "2006.04.17"]
[Round "4"]
[White "Schoenfeld, Gerd"]
[Black "Federau, Juergen"]
[Result "0-1"]
[WhiteElo "1988"]
[BlackElo "2217"]
[PlyCount "130"]
[EventDate "2006.04.14"]
[EventType "swiss"]
[EventRounds "9"]
[EventCountry "GER"]
[SourceTitle "EXT 2007"]
[Source "ChessBase"]
[SourceDate "2006.11.23"]
[SourceVersion "1"]
[SourceVersionDate "2006.11.23"]
[SourceQuality "1"]

1. d4 Nf6 2. c4 e6 3. Nc3 Bb4 4. a3 Bxc3+ 5. bxc3 d6 6. Bg5 h6 7. Bh4 Nbd7 8. f3 Nf8 9. e3 Qe7 10. Bf2 e5 11. e4 N6d7 12. Ra2 Ng6 13. g3 0-0 14. Bd3 Nb8 15. Kf1 Nc6 16. Kg2 Nd8 17. h4 f5 18. exf5 Bxf5 19. Bxf5 Rxf5 20. Qb1 Rf6 21. Nh3 Qf7 22. Qd3 Ne6 23. Re1 Rf8 24. Re3 c5 25. d5 Nd8 26. h5 Ne7 27. g4 Qe8 28. Bh4 R6f7 29. Nf2 Qd7 30. Ne4 b6 31. Ng3 Nb7 32. Bxe7 Qxe7 33. Kh3 Qd7 34. Rg2 Kh8 35. Kh2 Nd8 36. Kh1 Rf6 37. Nf5 Rxf5 38. gxf5 Rxf5 39. Rh2 Qf7 40. Qe4 Rxh5 41. Qg4 Rf5 42. Rh3 Qf6 43. Qh4 Qf8 44. Qg4 Rf4 45. Qc8 Kh7 46. Kg2 Qf6 47. Re4 Nf7 48. Qe6 Ng5 49. Rxf4 Qxf4 50. Qxd6 Nxh3 51. Kxh3 Qxf3+ 52. Kh2 e4 53. Qe5 e3 54. d6 e2 55. d7 Qf2+ 56. Kh3 e1Q 57. Qxe1 Qxe1 58. d8Q Qxc3+ 59. Kh2 Qxc4 60. Qd7 Qf4+ 61. Kh1 Qe4+ 62. Kh2 c4 63. Qxa7 c3 64. Qxb6 c2 65. Qc7 Qe2+ 0-1

[Event "Berlin op 04"]
[Site "Berlin"]
[Date "2006.04.15"]
[Round "2"]
[White "Vandre, Wolfgang"]
[Black "Schoenfeld, Gerd"]
[Result "1/2-1/2"]
[WhiteElo "2112"]
[BlackElo "1988"]
[PlyCount "32"]
[EventDate "2006.04.14"]
[EventType "swiss"]
[EventRounds "9"]
[EventCountry "GER"]
[SourceTitle "EXT 2007"]
[Source "ChessBase"]
[SourceDate "2006.11.23"]
[SourceVersion "1"]
[SourceVersionDate "2006.11.23"]
[SourceQuality "1"]

1. d4 Nf6 2. c4 g6 3. Nc3 Bg7 4. e4 d6 5. f3 0-0 6. Be3 Nc6 7. Nge2 Rb8 8. Qd2 Re8 9. h4 e5 10. d5 Nd4 11. Nxd4 exd4 12. Bxd4 c5 13. Be3 b5 14. cxb5 Qa5 15. a4 h5 16. Be2 Nd7 1/2-1/2

[Event "Berlin tt 0001"]
[Site "Berlin"]
[Date "2001.04.08"]
[Round "8.3"]
[White "Badestein, Hartmut"]
[Black "Schoenfeld, Gerd"]
[Result "1-0"]
[WhiteElo "2130"]
[BlackElo "2060"]
[PlyCount "113"]
[EventDate "2000.10.22"]
[EventType "team"]
[EventRounds "11"]
[EventCountry "GER"]
[SourceTitle "EXT 2007"]
[Source "ChessBase"]
[SourceDate "2006.11.23"]
[SourceVersion "1"]
[SourceVersionDate "2006.11.23"]
[SourceQuality "1"]

1. e4 c5 2. Nf3 Nc6 3. Bb5 e6 4. Bxc6 bxc6 5. 0-0 Ne7 6. d3 Ng6 7. Nc3 Qc7 8. Qe2 d6 9. Bd2 Be7 10. b3 0-0 11. Rae1 e5 12. Kh1 f6 13. Ng1 Be6 14. Nd1 d5 15. exd5 cxd5 16. f4 Bd7 17. f5 Nh8 18. Ne3 Bc6 19. Ng4 Nf7 20. Nf3 Bd6 21. Nh4 Nh8 22. Qf2 d4 23. Qg3 Kf7 24. Qh3 Rae8 25. Nf2 Bd7 26. Ne4 Kg8 27. Qg3 Rf7 28. Qf2 Be7 29. g4 g5 30. Nf3 h6 31. Kg2 Rg7 32. Rh1 Nf7 33. Bc1 Nd6 34. Nxd6 Bxd6 35. Nd2 Bc6+ 36. Ne4 Qa5 37. h4 Qxa2 38. hxg5 hxg5 39. Kg3 Bxe4 40. Rxe4 Ree7 41. Rh6 Ref7 42. Rg6 Qb1 43. Bxg5 Rxg6 44. fxg6 Rg7 45. Bxf6 Rxg6 46. g5 Qh1 47. Qg2 Qc1 48. Kh3 Kf7 49. Qf3 Ke6 50. Re2 Kd7 51. Kg4 Kc7 52. Kf5 Rg8 53. Rh2 Qf4+ 54. Qxf4 exf4 55. g6 Kd7 56. Re2 Kc8 57. Rf2 1-0

[Event "Berlin tt 0001"]
[Site "Berlin"]
[Date "2001.01.21"]
[Round "5.3"]
[White "Porsch, Harald"]
[Black "Schoenfeld, Gerd"]
[Result "0-1"]
[WhiteElo "2163"]
[BlackElo "2060"]
[PlyCount "98"]
[EventDate "2000.10.22"]
[EventType "team"]
[EventRounds "11"]
[EventCountry "GER"]
[SourceTitle "EXT 2007"]
[Source "ChessBase"]
[SourceDate "2006.11.23"]
[SourceVersion "1"]
[SourceVersionDate "2006.11.23"]
[SourceQuality "1"]

1. d4 Nf6 2. Nf3 g6 3. g3 Bg7 4. Bg2 0-0 5. 0-0 d6 6. c4 a6 7. Nc3 Nc6 8. e4 e5 9. d5 Na5 10. Nd2 c5 11. a4 Rb8 12. Rb1 Bh6 13. b4 cxb4 14. Rxb4 Nd7 15. Nf3 Bxc1 16. Qxc1 Kg7 17. Qe3 Qe7 18. Nd2 Nc5 19. f4 f6 20. fxe5 fxe5 21. Rxf8 Qxf8 22. Bf1 Bd7 23. Be2 Qe7 24. Bd1 Rf8 25. Rb1 Bh3 26. Be2 h6 27. Rb4 Qf6 28. Rb1 Nab3 29. Nxb3 Nxb3 30. g4 Nd4 31. Bd3 Qh4 32. Qg3 Qxg3+ 33. hxg3 Rf7 34. c5 dxc5 35. d6 Nf3+ 36. Kh1 Nd2 37. Rb6 Bxg4 38. Nd5 Bf3+ 39. Kh2 Nxe4 40. Ne7 Nxd6 41. Nxg6 Nc8 42. Re6 e4 43. Bc4 Rf6 44. Nf4 Rxe6 45. Nxe6+ Kf6 46. Nxc5 Nd6 47. Bd5 b5 48. a5 Ke5 49. Ba8 b4 0-1

[Event "Berlin op 10"]
[Site "Berlin"]
[Date "2000.11.27"]
[Round "7"]
[White "Alihodzic, Ahmo"]
[Black "Schoenfeld, Gerd"]
[Result "1-0"]
[WhiteElo "1802"]
[BlackElo "2091"]
[PlyCount "99"]
[EventDate "2000.10.16"]
[EventType "swiss"]
[EventRounds "7"]
[EventCountry "GER"]
[SourceTitle "EXT 2007"]
[Source "ChessBase"]
[SourceDate "2006.11.23"]
[SourceVersion "1"]
[SourceVersionDate "2006.11.23"]
[SourceQuality "1"]

1. e4 c5 2. Nf3 Nc6 3. Nc3 e5 4. Bc4 h6 5. Bd5 d6 6. Bxc6+ bxc6 7. h3 Ne7 8. d3 g5 9. b3 Ng6 10. g3 g4 11. Ng1 h5 12. hxg4 Bxg4 13. f3 Be6 14. Be3 h4 15. g4 Nf4 16. Bxf4 exf4 17. Nh3 Bg7 18. Ne2 Be5 19. c3 Bxg4 20. Kf2 Bxh3 21. Rxh3 Qd7 22. Qh1 f5 23. Rxh4 0-0-0 24. Rg1 fxe4 25. fxe4 Rdf8 26. Rxh8 Rxh8 27. Qg2 Kc7 28. Rh1 Rxh1 29. Qxh1 Qg7 30. c4 Bd4+ 31. Kf3 Be5 32. Qh4 d5 33. cxd5 cxd5 34. Nxf4 dxe4+ 35. dxe4 Kb7 36. Qg4 Qh7 37. Qf5 Qh1+ 38. Kg4 Qd1+ 39. Kg5 Qg1+ 40. Qg4 Bf6+ 41. Kf5 Qd4 42. Nd5 Bd8 43. Qe2 a6 44. Qh2 Qg7 45. Qh5 Qd7+ 46. Kf4 Qg7 47. e5 Qg8 48. Nf6 Qg7 49. Kf5 Qg3 50. Qf7+ 1-0

[Event "Berlin tt 0001"]
[Site "Berlin"]
[Date "2000.10.22"]
[Round "1.3"]
[White "Majewski, Tomasz"]
[Black "Schoenfeld, Gerd"]
[Result "0-1"]
[WhiteElo "1839"]
[BlackElo "2060"]
[PlyCount "112"]
[EventDate "2000.10.22"]
[EventType "team"]
[EventRounds "11"]
[EventCountry "GER"]
[SourceTitle "EXT 2007"]
[Source "ChessBase"]
[SourceDate "2006.11.23"]
[SourceVersion "1"]
[SourceVersionDate "2006.11.23"]
[SourceQuality "1"]

1. e4 c5 2. d4 cxd4 3. c3 d3 4. Bxd3 g6 5. h4 h5 6. Ne2 Nc6 7. Be3 Nf6 8. Nd2 Ng4 9. Bf4 Nce5 10. Bc2 Qb6 11. 0-0 e6 12. Nf3 Nxf3+ 13. gxf3 Nf6 14. Qd4 Qxd4 15. cxd4 d6 16. Rac1 Bd7 17. Bd3 Rc8 18. Rc3 Be7 19. Rfc1 Kd8 20. b4 Nh7 21. Kg2 Rxc3 22. Rxc3 d5 23. Bb8 Bxh4 24. Bxa7 Ng5 25. b5 e5 26. dxe5 Bh3+ 27. Kh2 Bd7 28. Ng1 dxe4 29. fxe4 Ne6 30. Be3 Be7 31. f4 g5 32. f5 Nf4 33. f6 Bb4 34. Bb6+ Ke8 35. Rb3 Bf8 36. Bc4 g4 37. Bd5 h4 38. a4 g3+ 39. Kh1 Nxd5 40. exd5 Bf5 41. Re3 Bh6 42. Rc3 h3 43. Nxh3 Bd2 44. Rxg3 Bxh3 45. Kg1 Bf4 46. Rc3 Rg8+ 47. Kf2 Rg2+ 48. Kf3 Rg3+ 49. Kxf4 Rxc3 50. a5 Ra3 51. Bc7 Bg2 52. e6 Bxd5 53. e7 Bc4 54. Ke5 Bxb5 55. Kd6 Rf3 56. Kc5 Rf5+ 0-1